Historia del Nuevo Mundo

Na minha lista:
Detalhes bibliográficos
Autor principal: Bernand Muñoz, Carmen (Autor)
Outros Autores: Gruzinski, Serge (autor)
Formato: Livro
Idioma:espanhol
Publicado em: Ciudad de México Fondo de Cultura Económica 1996
Edição:1a. ed
coleção:Sección de Obras de Historia
Assuntos:
Tags: Adicionar Tag
Sem tags, seja o primeiro a adicionar uma tag!

MARC

LEADER 00000nam a2200000 a 4500
001 UCG1472
003 CL-VaPUC
008 100506e19960000MX |||||||||||||||||spa|d
020 |a 9681654773o.c 
020 |a 9681640179t.1 
020 |a 9681654781t.2 
082 0 4 |a 980  |b BER  |2 21 
100 |a Bernand Muñoz, Carmen  |e author  |9 521995 
700 |a Gruzinski, Serge  |e autor  |9 245671 
245 1 0 |a Historia del Nuevo Mundo 
250 |a 1a. ed 
300 |a 2 t 
942 |c BK 
945 |d 20100506 00:00:00  |a cmena 
260 |a Ciudad de México  |b Fondo de Cultura Económica  |c 1996 
500 |a t.1: Del Descubrimiento a la Conquista. La experiencia europea, 1492-1550 
500 |a t.2: Los mestizajes, 1550-1640 
650 0 |a Historia de América  |9 266076 
650 7 |a DESCUBRIMIENTO Y CONQUISTA  |2 CL-VaPUC  |9 268482 
650 0 |a Mestizaje  |9 314827 
651 0 |a América  |9 255182 
583 |a last modification  |c 20100506 00:00:00  |k Rodrigo Vera 
490 0 |a Sección de Obras de Historia 
999 |c 340824  |d 340822 
952 |0 0  |1 0  |4 0  |6 980_000000000000000_BER_1996  |7 0  |8 C  |9 435934  |a BIBCUR  |b BIBCUR  |d 2019-11-22  |h t.1  |i 4670701  |o 980 BER 1996  |p 4670701  |r 2025-04-22  |w 2019-11-22  |y BK  |k CAC 
952 |0 0  |1 0  |4 0  |6 980_000000000000000_BER_1996  |7 0  |8 C  |9 435935  |a BIBCUR  |b BIBCUR  |d 2019-11-22  |h t.2  |i 467071K  |o 980 BER 1996  |p 467071K  |r 2025-04-22  |w 2019-11-22  |y BK  |k CAC